[Event "Festival INGEM - PLZEŇ 2013"]
[Site "Plzeň (Česká republika)"]
[Date "2013.08.23"]
[Round "8.11"]
[White "Janska, Jitka"]
[Black "Jurek, Josef"]
[Result "0-1"]
[WhiteElo "1939"]
[BlackElo "2276"]
[PlyCount "106"]
[EventDate "2013.08.17"]
[Source "ChessBase"]
[SourceDate "1996.11.15"]

1. e4 g6 2. d4 Bg7 3. Nf3 d6 4. Nc3 a6 5. Be2 b5 6. a3 Bb7 7. O-O Nf6 8. e5
dxe5 9. Nxe5 O-O 10. Bf3 Nd5 11. Nxd5 Bxd5 12. Bxd5 Qxd5 13. Qf3 Qxf3 14. Nxf3
Nd7 15. Re1 Rfe8 16. Bf4 c5 17. Ne5 Bxe5 18. dxe5 Nf8 19. Rad1 Ne6 20. Be3 Red8
21. Kf1 Kf8 22. f4 h5 23. h3 c4 24. Kf2 Rxd1 25. Rxd1 Rd8 26. Rxd8+ Nxd8 27. b3
cxb3 28. cxb3 Nc6 29. Bb6 Ke8 30. Ke3 Kd7 31. Ke4 e6 32. g4 hxg4 33. hxg4 Kc8
34. Bc5 Na5 35. b4 Nc4 36. f5 gxf5+ 37. gxf5 Kd7 38. f6 Nxa3 39. Kd4 Kc6 40.
Ba7 Nc4 41. Bc5 a5 42. bxa5 Nxa5 43. Bb4 Nc4 44. Bf8 Nb6 45. Bb4 Nc4 46. Bf8
Nb6 47. Bb4 Nd7 48. Ba5 Kb7 49. Bc3 Kb6 50. Bb4 Nb8 51. Bd6 Nc6+ 52. Kc3 Ka5
53. Kb3 b4 0-1

[Event "Festival INGEM - PLZEŇ 2013"]
[Site "Plzeň (Česká republika)"]
[Date "2013.08.23"]
[Round "8.12"]
[White "Klement, Lukas"]
[Black "Pokomandy, Mikulas"]
[Result "1-0"]
[WhiteElo "2241"]
[BlackElo "1828"]
[PlyCount "74"]
[EventDate "2013.08.17"]
[Source "ChessBase"]
[SourceDate "1996.11.15"]

1. d4 d5 2. c4 e6 3. Nc3 Nf6 4. Nf3 Nbd7 5. Qc2 c6 6. e3 Be7 7. g4 g6 8. Rg1
dxc4 9. Bxc4 Nb6 10. Be2 Nfd5 11. e4 Nxc3 12. Qxc3 f6 13. Be3 Qd6 14. O-O-O Qb4
15. h4 Qxc3+ 16. bxc3 Bd7 17. Kb2 Rd8 18. c4 Bc8 19. Nd2 Kf7 20. f4 f5 21. gxf5
exf5 22. h5 fxe4 23. Nxe4 Be6 24. Rc1 Nd7 25. Ng5+ Bxg5 26. fxg5 Bf5 27. Bf4
Rhe8 28. Bf3 Nb6 29. Be5 Nd7 30. Bc7 Rc8 31. Bf4 Nf8 32. hxg6+ Nxg6 33. Bd6 Re3
34. Rcf1 Kg7 35. Bh5 Bd3 36. Rf6 Bxc4 37. Bxg6 hxg6 1-0

[Event "Festival INGEM - PLZEŇ 2013"]
[Site "Plzeň (Česká republika)"]
[Date "2013.08.23"]
[Round "8.13"]
[White "Pokrupa, Marek"]
[Black "Sroubova, Lenka"]
[Result "0-1"]
[WhiteElo "2192"]
[BlackElo "1802"]
[PlyCount "130"]
[EventDate "2013.08.17"]
[Source "ChessBase"]
[SourceDate "1996.11.15"]

1. d4 Nf6 2. g3 g6 3. Bg2 Bg7 4. e4 d6 5. Ne2 O-O 6. O-O e5 7. c4 Nc6 8. d5 Ne7
9. Nbc3 Nd7 10. Bg5 f6 11. Bd2 f5 12. Rc1 Kh8 13. b4 Nf6 14. f4 fxe4 15. fxe5
dxe5 16. Nxe4 Nxe4 17. Rxf8+ Qxf8 18. Bxe4 Bf5 19. Qc2 Qd8 20. Bg5 Bxe4 21.
Qxe4 Qd7 22. Rf1 Nf5 23. c5 a5 24. g4 Nd4 25. Nxd4 exd4 26. c6 bxc6 27. dxc6
Qe8 28. Qxe8+ Rxe8 29. Rf7 Be5 30. bxa5 Ra8 31. Bh6 Bd6 32. Rd7 d3 33. a6 Kg8
34. Rg7+ Kh8 35. Rd7 Kg8 36. Rxd6 cxd6 37. c7 Kf7 38. Kf2 Ke6 39. Be3 Kd7 40.
a7 Kxc7 41. Ke1 Kb7 42. Kd2 d5 43. Kxd3 Rc8 44. a3 Rc4 45. h3 Ra4 46. Bc5 Kc6
47. Bf2 Rxa3+ 48. Ke2 Kb7 49. h4 Ra4 50. Kf3 Rxa7 51. Bxa7 Kxa7 52. Kf4 Kb6 53.
h5 Kc7 54. Kg5 d4 55. Kh6 d3 56. Kxh7 gxh5 57. gxh5 d2 58. h6 d1=Q 59. Kg8 Qg4+
60. Kf7 Qf5+ 61. Kg7 Kd6 62. h7 Ke7 63. h8=Q Qg5+ 64. Kh7 Kf7 65. Qf6+ Kxf6 0-1

[Event "Festival INGEM - PLZEŇ 2013"]
[Site "Plzeň (Česká republika)"]
[Date "2013.08.23"]
[Round "8.14"]
[White "Hladik, Pavel"]
[Black "Kopriva, Petr"]
[Result "1-0"]
[WhiteElo "1890"]
[BlackElo "2061"]
[PlyCount "51"]
[EventDate "2013.08.17"]
[Source "ChessBase"]
[SourceDate "1996.11.15"]

1. c4 Nf6 2. d4 g6 3. Nc3 Bg7 4. e4 O-O 5. f3 d6 6. Be3 Nc6 7. Qd2 e5 8. Nge2
exd4 9. Nxd4 Nxd4 10. Bxd4 Be6 11. O-O-O Qe7 12. g4 a6 13. h4 b5 14. h5 bxc4
15. Nd5 Nxd5 16. Bxg7 Kxg7 17. exd5 Bd7 18. Re1 Qf6 19. hxg6 h5 20. Rxh5 Rh8
21. g5 Qxg6 22. Qd4+ f6 23. Re7+ Kg8 24. Rxh8+ Kxh8 25. Qh4+ Kg8 26. gxf6 1-0

[Event "Festival INGEM - PLZEŇ 2013"]
[Site "Plzeň (Česká republika)"]
[Date "2013.08.23"]
[Round "8.16"]
[White "Mares, Vaclav"]
[Black "Roew, Rolf"]
[Result "1-0"]
[WhiteElo "2010"]
[BlackElo "1819"]
[PlyCount "69"]
[EventDate "2013.08.17"]
[Source "ChessBase"]
[SourceDate "1996.11.15"]

1. e4 e5 2. Nf3 Nc6 3. Bc4 Bc5 4. c3 Nf6 5. d4 exd4 6. cxd4 Bb4+ 7. Nc3 Nxe4 8.
O-O Bxc3 9. d5 Ne7 10. bxc3 O-O 11. Re1 Nd6 12. Ba3 Ng6 13. Qd3 a6 14. Bb3 b5
15. Bxd6 cxd6 16. Bc2 f5 17. a4 Ne5 18. Nxe5 dxe5 19. d6 Bb7 20. Rxe5 Be4 21.
Bb3+ Kh8 22. Qd4 Qg5 23. Qxe4 Qd2 24. Qd4 Qb2 25. Qd1 Qxc3 26. Re3 Qb2 27. Ra2
Qf6 28. h3 f4 29. Re7 f3 30. axb5 Qg5 31. g3 Qh6 32. Kh2 Rac8 33. bxa6 Rc1 34.
Qxf3 g5 35. Qe3 1-0

[Event "Festival INGEM - PLZEŇ 2013"]
[Site "Plzeň (Česká republika)"]
[Date "2013.08.23"]
[Round "8.17"]
[White "Sladek, Jaroslav"]
[Black "Gabrys, Lukas"]
[Result "1-0"]
[WhiteElo "2034"]
[BlackElo "1759"]
[PlyCount "113"]
[EventDate "2013.08.17"]
[Source "ChessBase"]
[SourceDate "1996.11.15"]

1. e4 c5 2. Nf3 d6 3. Bb5+ Bd7 4. Bxd7+ Qxd7 5. c4 Nf6 6. Nc3 e6 7. d4 cxd4 8.
Nxd4 Nc6 9. O-O Be7 10. Be3 O-O 11. f3 Ne5 12. b3 d5 13. cxd5 exd5 14. Nf5 Rfe8
15. Nxe7+ Rxe7 16. Bc5 Ree8 17. Nxd5 Red8 18. Nxf6+ gxf6 19. Qxd7 Rxd7 20. Rfd1
b6 21. Rxd7 Nxd7 22. Be3 Kf8 23. Kf2 Ke7 24. f4 Kd6 25. Rd1+ Kc6 26. Rc1+ Kd6
27. Kf3 Re8 28. b4 Ra8 29. Rd1+ Ke6 30. Rc1 Kd6 31. Bd4 a5 32. b5 Ke7 33. a4
Rd8 34. Ke3 Rg8 35. g3 Rd8 36. Rc6 Rb8 37. Kf3 h5 38. h3 Rb7 39. g4 hxg4+ 40.
Kxg4 Rb8 41. h4 Rg8+ 42. Kh3 Rb8 43. h5 Kf8 44. Bxf6 Nxf6 45. Rxf6 Kg7 46. e5
Rc8 47. h6+ Kh7 48. Rxf7+ Kxh6 49. Kg4 Kg6 50. Rf6+ Kg7 51. Rxb6 Rc4 52. Ra6
Rxa4 53. b6 Rb4 54. Rxa5 Rxb6 55. f5 Rb1 56. Ra7+ Kf8 57. Kg5 1-0

[Event "Festival INGEM - PLZEŇ 2013"]
[Site "Plzeň (Česká republika)"]
[Date "2013.08.23"]
[Round "8.19"]
[White "Simet, Martin"]
[Black "Palkova, Hana"]
[Result "1/2-1/2"]
[WhiteElo "1708"]
[BlackElo "1992"]
[PlyCount "83"]
[EventDate "2013.08.17"]
[Source "ChessBase"]
[SourceDate "1996.11.15"]

1. e4 c5 2. Nf3 e6 3. c3 Nf6 4. Bd3 Nc6 5. O-O d6 6. Bc2 Qc7 7. Re1 Be7 8. a3
e5 9. d3 Bg4 10. Nbd2 b5 11. h3 Bh5 12. Nf1 a5 13. Bg5 h6 14. Bxf6 Bxf6 15. Ng3
Bg6 16. Bb3 O-O 17. Bd5 Ra7 18. a4 b4 19. Bxc6 Qxc6 20. c4 Bd8 21. Nd2 f5 22.
exf5 Bxf5 23. Nxf5 Rxf5 24. Ne4 Raf7 25. Qb3 Bh4 26. Re2 Qd7 27. Rf1 Qe6 28.
Qd1 Qg6 29. Kh1 Be7 30. b3 Bg5 31. Qc2 Qe6 32. Qb2 Be7 33. Qc2 g5 34. g3 Qg6
35. Ree1 Rf8 36. g4 R5f7 37. Ng3 Rh7 38. Nh5 Rff7 39. Qe2 Bf8 40. Qe4 Qxe4+ 41.
dxe4 Be7 42. Kg2 1/2-1/2

[Event "Festival INGEM - PLZEŇ 2013"]
[Site "Plzeň (Česká republika)"]
[Date "2013.08.23"]
[Round "8.20"]
[White "Kocandova, Martina"]
[Black "Vachal, Josef"]
[Result "1-0"]
[WhiteElo "1743"]
[BlackElo "1891"]
[PlyCount "33"]
[EventDate "2013.08.17"]
[Source "ChessBase"]
[SourceDate "1996.11.15"]

1. e4 e5 2. Nf3 Nc6 3. Bc4 Bc5 4. c3 Nf6 5. d4 exd4 6. e5 Qe7 7. O-O Ng4 8.
cxd4 Bb4 9. a3 Ba5 10. b4 Bb6 11. Nc3 Nd8 12. Nd5 Qf8 13. Nh4 d6 14. h3 Bxd4
15. Nxc7+ Ke7 16. exd6+ Kxd6 17. Bf4+ 1-0

[Event "Festival INGEM - PLZEŇ 2013"]
[Site "Plzeň (Česká republika)"]
[Date "2013.08.23"]
[Round "8.22"]
[White "Hajek, Jiri"]
[Black "Lorenc, David"]
[Result "1-0"]
[WhiteElo "1879"]
[BlackElo "1715"]
[PlyCount "87"]
[EventDate "2013.08.17"]
[Source "ChessBase"]
[SourceDate "1996.11.15"]

1. e4 c5 2. Nf3 d6 3. Bb5+ Bd7 4. Bxd7+ Nxd7 5. O-O g6 6. c3 Bg7 7. d4 cxd4 8.
cxd4 e5 9. Nc3 Nb6 10. Bg5 Qd7 11. dxe5 dxe5 12. Qxd7+ Nxd7 13. Nd5 Rc8 14.
Rac1 Rxc1 15. Rxc1 f6 16. Rc8+ Kf7 17. Be3 a6 18. Rc7 Ke6 19. Rxb7 Ne7 20. Nc7+
Kd6 21. Nxa6 Ra8 22. Nb4 Nc6 23. Nxc6 Kxc6 24. Ra7 Rb8 25. b3 Bf8 26. Kf1 Bb4
27. Ke2 h5 28. Ne1 Bc5 29. Bxc5 Nxc5 30. f3 Rd8 31. b4 Nb7 32. Ra6+ Kb5 33.
Rxf6 Rd6 34. Rxd6 Nxd6 35. Nd3 Nc4 36. f4 exf4 37. Nxf4 Ne5 38. Nd3 Nc4 39. e5
g5 40. a3 Nb6 41. Ke3 Nd5+ 42. Ke4 Ne7 43. e6 Kc4 44. h3 1-0

[Event "Festival INGEM - PLZEŇ 2013"]
[Site "Plzeň (Česká republika)"]
[Date "2013.08.23"]
[Round "8.23"]
[White "Halla, Jiri"]
[Black "Furbacher, Milan"]
[Result "1/2-1/2"]
[WhiteElo "1816"]
[BlackElo "1599"]
[PlyCount "40"]
[EventDate "2013.08.17"]
[Source "ChessBase"]
[SourceDate "1996.11.15"]

1. e4 c5 2. Nc3 g6 3. g3 Bg7 4. Bg2 e6 5. Nge2 Ne7 6. O-O O-O 7. d4 d6 8. dxc5
dxc5 9. Be3 b6 10. Qxd8 Rxd8 11. Rad1 Rxd1 12. Rxd1 Nbc6 13. Nb5 Ba6 14. Nec3
Bxb5 15. Nxb5 Bxb2 16. Rd7 Rd8 17. Rxd8+ Nxd8 18. Nxa7 Ndc6 19. Nxc6 Nxc6 20.
Bd2 Nb4 1/2-1/2

[Event "Festival INGEM - PLZEŇ 2013"]
[Site "Plzeň (Česká republika)"]
[Date "2013.08.23"]
[Round "8.24"]
[White "Stanek, Vaclav"]
[Black "Cecil, Pavel"]
[Result "0-1"]
[WhiteElo "1645"]
[BlackElo "1941"]
[PlyCount "38"]
[EventDate "2013.08.17"]
[Source "ChessBase"]
[SourceDate "1996.11.15"]

1. e4 e6 2. d4 d5 3. Nd2 Nf6 4. e5 Nfd7 5. Bd3 c5 6. c3 Nc6 7. Ne2 cxd4 8. cxd4
f6 9. exf6 Qxf6 10. Nf3 h6 11. O-O Bd6 12. Re1 O-O 13. Bc2 Rd8 14. Ng3 Nf8 15.
Nh5 Qf7 16. Ne5 Bxe5 17. dxe5 Bd7 18. Re3 Be8 19. Rf3 Qxh5 0-1

[Event "Festival INGEM - PLZEŇ 2013"]
[Site "Plzeň (Česká republika)"]
[Date "2013.08.23"]
[Round "8.25"]
[White "Stancik, Jakub"]
[Black "Kellner, Rene"]
[Result "1-0"]
[WhiteElo "1895"]
[BlackElo "1660"]
[PlyCount "76"]
[EventDate "2013.08.17"]
[Source "ChessBase"]
[SourceDate "1996.11.15"]

1. d4 d5 2. Nf3 Nf6 3. e3 Bf5 4. c4 c6 5. Nc3 Nbd7 6. Qb3 Qb6 7. Be2 Qxb3 8.
axb3 e6 9. O-O h6 10. c5 Be7 11. Bd2 O-O 12. Ra3 Ne4 13. Rfa1 a6 14. Na4 Nxd2
15. Nxd2 e5 16. f4 exd4 17. exd4 Bf6 18. Nf3 Bg4 19. Rd1 Rfe8 20. Kf2 Re4 21.
Nc3 Ree8 22. Rd2 Bf5 23. Ra1 b6 24. b4 b5 25. Ne5 Bxe5 26. dxe5 f6 27. exf6
Nxf6 28. Bf3 Ne4+ 29. Bxe4 Bxe4 30. Ne2 Kf7 31. Nd4 Bg6 32. Nxc6 Be4 33. Re2
Ke6 34. Nd4+ Kd7 35. g3 Kc7 36. Re3 Kb7 37. Rae1 g6 38. Ne2 a5 1-0

[Event "Festival INGEM - PLZEŇ 2013"]
[Site "Plzeň (Česká republika)"]
[Date "2013.08.23"]
[Round "8.28"]
[White "Heidebreck, Rainer"]
[Black "Kovarik, Matyas"]
[Result "1-0"]
[WhiteElo "1761"]
[BlackElo "1562"]
[PlyCount "87"]
[EventDate "2013.08.17"]
[Source "ChessBase"]
[SourceDate "1996.11.15"]

1. e4 e6 2. Nf3 d5 3. Nc3 dxe4 4. Nxe4 Nd7 5. d4 Ngf6 6. Nxf6+ Nxf6 7. Bd3 Be7
8. Ne5 O-O 9. O-O Kh8 10. c3 c5 11. Be3 Bd6 12. Bg5 cxd4 13. cxd4 Be7 14. Bc4
Nd5 15. Bxe7 Nxe7 16. Qg4 Rb8 17. Qf4 Kg8 18. Nxf7 Rxf7 19. Qxb8 Nc6 20. Qg3
Qxd4 21. b3 Ne5 22. Rad1 Qc5 23. Rd8+ Rf8 24. Rxf8+ Kxf8 25. Rd1 Nxc4 26. Qf4+
Ke7 27. Qxc4 Qxc4 28. bxc4 Bd7 29. a3 Ba4 30. Rd2 b6 31. f4 Bc6 32. g3 h5 33.
Kf2 g6 34. Ke3 Bb7 35. Kd4 Kd6 36. Rc2 Bf3 37. c5+ bxc5+ 38. Rxc5 h4 39. Rg5
Bh5 40. Ra5 hxg3 41. hxg3 Be2 42. Rxa7 g5 43. a4 gxf4 44. gxf4 1-0

[Event "Festival INGEM - PLZEŇ 2013"]
[Site "Plzeň (Česká republika)"]
[Date "2013.08.23"]
[Round "8.29"]
[White "Truksa, Vaclav"]
[Black "Novy, Jan"]
[Result "1-0"]
[WhiteElo "1637"]
[BlackElo "1727"]
[PlyCount "65"]
[EventDate "2013.08.17"]
[Source "ChessBase"]
[SourceDate "1996.11.15"]

1. e4 d5 2. exd5 Nf6 3. d4 Bg4 4. f3 Bf5 5. Bd3 Bxd3 6. Qxd3 Nxd5 7. c3 c6 8.
Ne2 g6 9. O-O Bg7 10. Nf4 Nf6 11. Re1 O-O 12. Nd2 c5 13. Qb5 cxd4 14. Qxb7 dxc3
15. bxc3 Nbd7 16. Ba3 Re8 17. Ne4 Nxe4 18. Rxe4 e6 19. Rd1 Qb6+ 20. Qxb6 Nxb6
21. Ne2 f5 22. Rb4 Bf8 23. Rb3 Bh6 24. Nd4 Rad8 25. Re1 Kf7 26. Nc6 Rd3 27.
Ne5+ Kf6 28. Nxd3 Nc4 29. Nc5 Be3+ 30. Kh1 f4 31. Nd3 Kf5 32. Rb4 Rc8 33. Rxc4
1-0

[Event "Festival INGEM - PLZEŇ 2013"]
[Site "Plzeň (Česká republika)"]
[Date "2013.08.23"]
[Round "8.30"]
[White "Hrdlicka, Vaclav"]
[Black "Bruna, Martin"]
[Result "1-0"]
[WhiteElo "1725"]
[BlackElo "1435"]
[PlyCount "43"]
[EventDate "2013.08.17"]
[Source "ChessBase"]
[SourceDate "1996.11.15"]

1. Nf3 d5 2. d4 Nc6 3. e3 Bg4 4. c4 dxc4 5. Bxc4 e5 6. Qb3 Qd7 7. Nxe5 Nxe5 8.
dxe5 O-O-O 9. O-O Be6 10. Bxe6 Qxe6 11. Qxe6+ fxe6 12. Nc3 h6 13. Ne2 Rd5 14.
Nf4 Rd8 15. Nxe6 Re8 16. Nxf8 Rxf8 17. f4 Ne7 18. e4 Nc6 19. e6 Nd4 20. f5 g5
21. Bd2 g4 22. Bc3 1-0

[Event "Festival INGEM - PLZEŇ 2013"]
[Site "Plzeň (Česká republika)"]
[Date "2013.08.24"]
[Round "9.1"]
[White "Neuman, Petr"]
[Black "Bartos, Jan"]
[Result "1-0"]
[WhiteElo "2516"]
[BlackElo "2265"]
[PlyCount "65"]
[EventDate "2013.08.17"]
[Source "ChessBase"]
[SourceDate "1996.11.15"]

1. d4 d5 2. c4 c6 3. Nf3 Nf6 4. e3 e6 5. Bd3 Nbd7 6. O-O dxc4 7. Bxc4 b5 8. Bb3
Bb7 9. Qe2 Bd6 10. e4 e5 11. Ng5 O-O 12. dxe5 Nxe5 13. f4 Bc5+ 14. Kh1 Qd3 15.
Qe1 Neg4 16. h3 h6 17. Nxf7 Rxf7 18. hxg4 Nxe4 19. Rf3 Qd7 20. Qxe4 Re8 21. Qg6
Re1+ 22. Kh2 Rxc1 23. Rd3 Qe7 24. Qxf7+ Qxf7 25. Rd8+ Kh7 26. Bxf7 Bb6 27. Bg8+
Kh8 28. Rb8 Ba6 29. a4 Bc7 30. Re8 Bxf4+ 31. g3 Bg5 32. axb5 Bb7 33. Bd5+ 1-0

[Event "Festival INGEM - PLZEŇ 2013"]
[Site "Plzeň (Česká republika)"]
[Date "2013.08.24"]
[Round "9.2"]
[White "Sabuk, Piotr"]
[Black "Chudinovskikh, Alexander M"]
[Result "1-0"]
[WhiteElo "2239"]
[BlackElo "2320"]
[PlyCount "45"]
[EventDate "2013.08.17"]
[Source "ChessBase"]
[SourceDate "1996.11.15"]

1. d4 Nf6 2. c4 e6 3. g3 c5 4. Nf3 cxd4 5. Nxd4 Qb6 6. Bg2 Bc5 7. e3 Nc6 8. O-O
Nxd4 9. exd4 Bxd4 10. Nc3 e5 11. Nb5 Bc5 12. Be3 O-O 13. Bxc5 Qxc5 14. Qd6 Qxc4
15. a4 Qe6 16. Rfe1 a6 17. Rxe5 Qxd6 18. Nxd6 Rb8 19. Rc1 b6 20. b4 Rd8 21. Re2
Kf8 22. Rec2 Ne8 23. Nxc8 1-0

[Event "Festival INGEM - PLZEŇ 2013"]
[Site "Plzeň (Česká republika)"]
[Date "2013.08.24"]
[Round "9.3"]
[White "Vlasak, Lukas"]
[Black "Plischki, Sebastian"]
[Result "1/2-1/2"]
[WhiteElo "2339"]
[BlackElo "2421"]
[PlyCount "73"]
[EventDate "2013.08.17"]
[Source "ChessBase"]
[SourceDate "1996.11.15"]

1. e4 d6 2. Nf3 Nf6 3. Nc3 g6 4. d4 Bg7 5. h3 O-O 6. Be2 c5 7. dxc5 Qa5 8. O-O
Qxc5 9. Be3 Qa5 10. Nd2 Nbd7 11. Rb1 a6 12. f4 Qc7 13. g4 Nb6 14. a4 Be6 15. f5
Nc4 16. Bd4 Nxd2 17. Qxd2 Bc4 18. Rbe1 Bxe2 19. Rxe2 Qc4 20. Rf3 Rfe8 21. b3
Qb4 22. g5 Nd7 23. Bxg7 Kxg7 24. f6+ exf6 25. gxf6+ Kh8 26. Qh6 Rg8 27. Nd5
Qd4+ 28. Qe3 Qxe3+ 29. Rfxe3 Rae8 30. Rc3 Re6 31. Rc7 Nxf6 32. Nxf6 Rxf6 33.
Rxb7 Re8 34. Rb6 a5 35. Rb5 Re5 36. Rf2 Kg7 37. Rxe5 1/2-1/2

[Event "Festival INGEM - PLZEŇ 2013"]
[Site "Plzeň (Česká republika)"]
[Date "2013.08.24"]
[Round "9.4"]
[White "Eretova, Jana"]
[Black "Kireev, Aleksei"]
[Result "0-1"]
[WhiteElo "2093"]
[BlackElo "2337"]
[PlyCount "62"]
[EventDate "2013.08.17"]
[Source "ChessBase"]
[SourceDate "1996.11.15"]

1. Nf3 g6 2. g3 Bg7 3. Bg2 d6 4. d3 e5 5. e4 Nd7 6. O-O Nh6 7. h4 O-O 8. c3 Qe7
9. b4 f5 10. exf5 gxf5 11. Ng5 Nf6 12. Re1 Kh8 13. Nd2 Nf7 14. Nf1 h6 15. Nf3
Ng4 16. Bd2 Qf6 17. h5 f4 18. Nh4 fxg3 19. Ng6+ Kg8 20. f3 Nf2 21. Qe2 Re8 22.
Nxg3 Nh3+ 23. Kh2 Nhg5 24. f4 Ne6 25. fxe5 Nxe5 26. Rf1 Qd8 27. Nf5 Nxg6 28.
Bd5 Kh8 29. hxg6 Nf4 30. Qf3 Bxf5 31. Qxf4 Be5 0-1

[Event "Festival INGEM - PLZEŇ 2013"]
[Site "Plzeň (Česká republika)"]
[Date "2013.08.24"]
[Round "9.5"]
[White "Folk, Petr"]
[Black "Haba, Zdenek"]
[Result "1/2-1/2"]
[WhiteElo "2218"]
[BlackElo "2241"]
[PlyCount "53"]
[EventDate "2013.08.17"]
[Source "ChessBase"]
[SourceDate "1996.11.15"]

1. e4 c5 2. c3 g6 3. d4 cxd4 4. cxd4 d5 5. exd5 Nf6 6. Nc3 Nxd5 7. Bc4 Nxc3 8.
Qb3 e6 9. bxc3 Nc6 10. Bd3 Qd5 11. Nf3 Qxb3 12. axb3 Be7 13. Bh6 Bd7 14. O-O f6
15. h4 Kf7 16. Rfe1 Rhe8 17. Re2 Nd8 18. Bd2 Bc6 19. Be4 Bxe4 20. Rxe4 h5 21.
Kf1 b5 22. Ra5 a6 23. Re1 Nb7 24. Ra2 a5 25. Rea1 Ra6 26. Ke2 Bd8 27. Kd3
1/2-1/2

[Event "Festival INGEM - PLZEŇ 2013"]
[Site "Plzeň (Česká republika)"]
[Date "2013.08.24"]
[Round "9.6"]
[White "Siembab, Bartosz"]
[Black "Kozusek, Daniel"]
[Result "1-0"]
[WhiteElo "2223"]
[BlackElo "2078"]
[PlyCount "65"]
[EventDate "2013.08.17"]
[Source "ChessBase"]
[SourceDate "1996.11.15"]

1. d4 Nf6 2. c4 c5 3. d5 e6 4. Nc3 exd5 5. cxd5 d6 6. e4 g6 7. Nf3 Bg7 8. Be2
O-O 9. O-O Re8 10. Nd2 a6 11. a4 b6 12. f4 Nbd7 13. Bf3 Rb8 14. Nc4 Qc7 15. Qb3
Bb7 16. Bd2 h5 17. h3 Nh7 18. Rae1 Bd4+ 19. Kh1 Kg7 20. e5 dxe5 21. d6 Qc8 22.
fxe5 Nxe5 23. Nxe5 Rxe5 24. Ne2 Qe6 25. Nxd4 cxd4 26. Qb4 Bxf3 27. Rxf3 Rxe1+
28. Bxe1 Qd5 29. Bf2 Ng5 30. Qxd4+ Qxd4 31. Bxd4+ Kf8 32. Rd3 Ne4 33. d7 1-0

[Event "Festival INGEM - PLZEŇ 2013"]
[Site "Plzeň (Česká republika)"]
[Date "2013.08.24"]
[Round "9.7"]
[White "Simunek, Filip"]
[Black "Kozak, Milos"]
[Result "1/2-1/2"]
[WhiteElo "2129"]
[BlackElo "2178"]
[PlyCount "59"]
[EventDate "2013.08.17"]
[Source "ChessBase"]
[SourceDate "1996.11.15"]

1. d4 Nf6 2. Nf3 e6 3. c4 d5 4. g3 dxc4 5. Qa4+ c6 6. Qxc4 b5 7. Qc2 Bb7 8. Bg2
Nbd7 9. Nc3 c5 10. O-O a6 11. Rd1 Rc8 12. dxc5 Bxc5 13. a3 Qb6 14. e3 O-O 15.
b4 Be7 16. Bb2 Rc7 17. Rac1 Rfc8 18. Qb3 Nd5 19. Nxd5 Bxd5 20. Rxc7 Rxc7 21.
Qd3 Qb7 22. Ne1 Bxg2 23. Nxg2 h6 24. Nf4 Bf6 25. Bxf6 Nxf6 26. Qd8+ Kh7 27.
Qd3+ Kg8 28. Qd8+ Kh7 29. Qd3+ Kg8 30. Qd8+ 1/2-1/2

[Event "Festival INGEM - PLZEŇ 2013"]
[Site "Plzeň (Česká republika)"]
[Date "2013.08.24"]
[Round "9.8"]
[White "Jurek, Josef"]
[Black "Mares, Vaclav"]
[Result "1-0"]
[WhiteElo "2276"]
[BlackElo "2010"]
[PlyCount "93"]
[EventDate "2013.08.17"]
[Source "ChessBase"]
[SourceDate "1996.11.15"]

1. Nf3 d5 2. c4 dxc4 3. e3 Nc6 4. Bxc4 e5 5. Nc3 Bd6 6. O-O Nf6 7. d4 exd4 8.
exd4 O-O 9. Bg5 Bg4 10. Nd5 Be7 11. Nxe7+ Qxe7 12. Bd5 Qd6 13. Bxc6 bxc6 14. h3
Bxf3 15. Qxf3 Qxd4 16. Rac1 Ne4 17. Be3 Qd5 18. Rfd1 Qe6 19. Rd4 Rfe8 20. Rdc4
c5 21. Qf4 Rab8 22. b3 Rb7 23. Bxc5 g5 24. Qe3 Qf5 25. Qd4 Rbb8 26. Rd1 Nf6 27.
Bxa7 Rbd8 28. Qxd8 Rxd8 29. Rxd8+ Kg7 30. Bd4 Qe6 31. Rxc7 Kg6 32. Bxf6 Qxf6
33. Rg8+ Kh6 34. Rc2 Qa1+ 35. Kh2 Qe5+ 36. g3 Qf5 37. Rgc8 Kg7 38. R8c5 Qf6 39.
b4 h5 40. b5 h4 41. a4 g4 42. hxg4 Qf3 43. R5c3 Qxg4 44. Rc4 hxg3+ 45. fxg3
Qh5+ 46. Rh4 Qd1 47. Rf2 1-0

[Event "Festival INGEM - PLZEŇ 2013"]
[Site "Plzeň (Česká republika)"]
[Date "2013.08.24"]
[Round "9.9"]
[White "Sroubová, Lenka"]
[Black "Klement, Lukas"]
[Result "0-1"]
[WhiteElo "1802"]
[BlackElo "2241"]
[PlyCount "116"]
[EventDate "2013.08.17"]
[Source "ChessBase"]
[SourceDate "1996.11.15"]

1. Nf3 Nf6 2. g3 g6 3. Bg2 Bg7 4. O-O O-O 5. d3 d5 6. Nbd2 c5 7. e4 Nc6 8. Re1
e5 9. exd5 Nxd5 10. Ne4 b6 11. Bd2 h6 12. Nc3 Be6 13. Nxd5 Bxd5 14. Bc3 Re8 15.
Re2 b5 16. Qe1 b4 17. Bd2 Bxf3 18. Bxf3 Nd4 19. Bxa8 Qxa8 20. Re3 Nxc2 21. Qc1
Nxa1 22. Qxa1 Qd5 23. a3 a5 24. Qc1 h5 25. Qc2 Rd8 26. axb4 axb4 27. b3 e4 28.
Rxe4 Qxd3 29. Qxd3 Rxd3 30. Be3 Rc3 31. Kg2 Kf8 32. Bf4 Bd4 33. Bd6+ Kg8 34.
Re8+ Kh7 35. Be5 Bxe5 36. Rxe5 f6 37. Re7+ Kh6 38. Rc7 Kg5 39. Rc6 Kf5 40. h4
g5 41. hxg5 fxg5 42. Kf1 h4 43. gxh4 gxh4 44. Rh6 h3 45. Kg1 Ke5 46. Rh5+ Kd6
47. Rh6+ Kd5 48. Rh5+ Kc6 49. Rh6+ Kb5 50. f4 Rxb3 51. Rh8 Rf3 52. Rf8 b3 53.
f5 Kc4 54. f6 b2 55. Rb8 Rb3 56. Rxb3 Kxb3 57. f7 b1=Q+ 58. Kf2 Qf5+ 0-1

[Event "Festival INGEM - PLZEŇ 2013"]
[Site "Plzeň (Česká republika)"]
[Date "2013.08.24"]
[Round "9.10"]
[White "Hladik, Pavel"]
[Black "Fiala, Jaroslav"]
[Result "1/2-1/2"]
[WhiteElo "1890"]
[BlackElo "2193"]
[PlyCount "153"]
[EventDate "2013.08.17"]
[Source "ChessBase"]
[SourceDate "1996.11.15"]

1. d4 Nf6 2. c4 c5 3. d5 e5 4. Nc3 d6 5. e4 Be7 6. Nf3 Nbd7 7. h3 Nf8 8. Be3
Ng6 9. Qd2 h6 10. Bd3 Nh7 11. O-O-O a6 12. g3 Bg5 13. Nxg5 hxg5 14. Ne2 Qe7 15.
Qa5 Rb8 16. Qb6 Qd8 17. Qxd8+ Kxd8 18. b4 b6 19. Kd2 Kc7 20. Rb1 Bd7 21. Ng1 a5
22. a3 axb4 23. axb4 Ra8 24. Nf3 Ra2+ 25. Kc3 Rha8 26. Rb3 f6 27. Rhb1 R8a3 28.
Bf1 Nhf8 29. Rxa3 Rxa3+ 30. Rb3 Ra1 31. Bg2 Ba4 32. Rb2 Ra3+ 33. Kd2 Be8 34.
Ne1 Nd7 35. Nc2 Ra4 36. Kc3 Ne7 37. Kb3 Nf8 38. Ra2 Rxa2 39. Kxa2 Ba4 40. Na3
cxb4 41. Nb5+ Bxb5 42. cxb5 Neg6 43. Kb3 Nd7 44. Kxb4 Nh8 45. Kc3 Nf7 46. Kd2
Nd8 47. Ke2 Nb7 48. Kf3 Kd8 49. Kg4 g6 50. h4 gxh4 51. gxh4 Nbc5 52. h5 gxh5+
53. Kxh5 Nb3 54. Kg6 Ke7 55. Bh3 Ndc5 56. Bf1 Nd4 57. f4 Nxe4 58. fxe5 dxe5 59.
Bd3 Nc5 60. Bc4 Nb7 61. Bh6 Nd6 62. Bf1 N4f5 63. Bc1 Nh4+ 64. Kh5 Nf3 65. Kg6
f5 66. Ba3 f4 67. Bd3 Kd7 68. Kf6 e4 69. Be2 Nd4 70. Bg4+ Kc7 71. Ke5 N4xb5 72.
Bxd6+ Nxd6 73. Kxf4 b5 74. Ke3 Kb6 75. Kd4 b4 76. Bd1 Kb5 77. Bc2 1/2-1/2

[Event "Festival INGEM - PLZEŇ 2013"]
[Site "Plzeň (Česká republika)"]
[Date "2013.08.24"]
[Round "9.12"]
[White "Sura, Jaroslav"]
[Black "Hajek, Jiri"]
[Result "1-0"]
[WhiteElo "2050"]
[BlackElo "1879"]
[PlyCount "137"]
[EventDate "2013.08.17"]
[Source "ChessBase"]
[SourceDate "1996.11.15"]

1. f4 g6 2. e4 Bg7 3. d4 d6 4. Nf3 Bg4 5. Be3 Nc6 6. c3 Nf6 7. d5 Nb8 8. h3
Bxf3 9. Qxf3 c6 10. dxc6 Nxc6 11. Bb5 O-O 12. O-O a6 13. Bd3 Rc8 14. Nd2 Nd7
15. Nb3 Na5 16. Qf2 Nc4 17. Bd4 e5 18. fxe5 dxe5 19. Bc5 Nxc5 20. Bxc4 Qe7 21.
Nxc5 Rxc5 22. Bd5 Rc7 23. Rad1 Kh8 24. Qb6 f5 25. Rf3 Rf6 26. Qb3 Qc5+ 27. Kh1
Rb6 28. Qc2 f4 29. Bb3 Rd6 30. Rxd6 Qxd6 31. Rd3 Qf8 32. Qd1 Bf6 33. Qg4 Qe7
34. Rd5 Kg7 35. Qd1 Qf8 36. Rd7+ Rxd7 37. Qxd7+ Qe7 38. Qc8 a5 39. Bd5 b6 40.
Qc6 Qc5 41. Qxc5 bxc5 42. Kg1 Kh6 43. Kf2 Kg5 44. Bg8 h6 45. Bf7 Bd8 46. Ke2
Kf6 47. Be8 g5 48. Bh5 Ke6 49. Kd3 Kd6 50. Kc4 Be7 51. Kb5 Bd8 52. a4 Bc7 53.
b4 cxb4 54. cxb4 axb4 55. Kxb4 Kc6 56. Kc4 Kb6 57. Kd5 Bb8 58. Ke6 Kc5 59. Kf5
Bc7 60. Kg6 Kd6 61. Kxh6 Bd8 62. Kg6 Ke6 63. Bg4+ Kd6 64. Kf5 Kd7 65. Kxe5+ Ke7
66. Kd5 Ke8 67. Kc6 Ke7 68. e5 Ke8 69. Kb5 1-0